00632nam a2200157 a 450000100100000000500170001000800410002704000250006824501030009324600330019626000600022930000300028970000330031995201050035299900170045700003637120200930075708.0120116s200u mx a 000 0 spa d aDO-SdBNPbspacBNPHU00a100 pensamientos de Morelos /ccompilador Arturo Molina Gárcia ; prólogo José Fabián Ruiz.1 aCien pensamientos de Morelos aMéxico :bFrente de afirmación hispanista,c[200-]. a122 p. ; :bil. ;c22 cm.12aRuiz, José Fabián962560 001050718MOaGRbGRcHDd2012-01-16iLF1l0o p36372-10r2020-06-25w2020-06-25y1ZNo se presta c35862d35862